[Event "BL2-W 9495"]
[Site "Germany"]
[Date "1995.??.??"]
[Round "?"]
[White "Fritsche, Lutz"]
[Black "Kengis, Edvins"]
[Result "0-1"]
[WhiteElo "2365"]
[BlackElo "2580"]
[PlyCount "142"]
[EventDate "1994.10.??"]
[EventType "team"]
[EventRounds "9"]
[EventCountry "GER"]

1. e4 c5 2. Nc3 Nc6 3. g3 g6 4. d3 Bg7 5. Be3 d6 6. Qd2 e5 7. Bg2 Nge7 8. Bh6
Bxh6 9. Qxh6 Nd4 10. O-O-O Be6 11. Nd5 Bxd5 12. exd5 Qa5 13. Kb1 Nef5 14. Qc1
Qb6 15. c3 Nb5 16. Nf3 h6 17. Rhe1 Kf8 18. Nd2 Kg7 19. Nc4 Qd8 20. f4 f6 21. g4
Nh4 22. Be4 Qd7 23. f5 g5 24. Qe3 Rad8 25. Nd2 a5 26. Qe2 a4 27. a3 Nc7 28. d4
cxd4 29. cxd4 Nb5 30. dxe5 dxe5 31. Rc1 h5 32. h3 Kh6 33. Qc4 Rh7 34. Qb4 Nd4
35. Re3 b5 36. Ka2 Qa7 37. Rcc3 Rhd7 38. Rc5 Kg7 39. Rec3 Ne2 40. Rd3 Nf4 41.
Rdc3 Ne2 42. Re3 Nd4 43. Nf1 Rf7 44. Ng3 hxg4 45. hxg4 Nb3 46. Rcc3 Qd4 47. Re1
Nd2 48. Nh5+ Kh6 49. Rc6 Nxf5 50. Nxf6 Qxb4 51. axb4 Nd4 52. Rh1+ Kg7 53. Rh7+
Kf8 54. Rh8+ Ke7 55. Rc7+ Kxf6 56. Rxf7+ Kxf7 57. Rxd8 Nxe4 58. Rd7+ Kf6 59.
Rd8 Ke7 60. Rg8 Nc2 61. Rg6 Nxb4+ 62. Ka3 Nxd5 63. b3 axb3 64. Kxb3 Ndf6 65.
Kb4 Nxg4 66. Kxb5 Ne3 67. Ra6 g4 68. Ra3 Nc2 69. Ra8 g3 70. Kc4 Kf7 71. Ra7+
Kf6 0-1

[Event "Mexico (m14)"]
[Site "?"]
[Date "1980.??.??"]
[Round "?"]
[White "Spassky, Boris V"]
[Black "Portisch, Lajos"]
[Result "1/2-1/2"]
[WhiteElo "2610"]
[BlackElo "2591"]
[PlyCount "154"]
[EventDate "1980.??.??"]

1. e4 c5 2. Nc3 d6 3. g3 Nc6 4. Bg2 g6 5. d3 Bg7 6. Be3 Rb8 7. Qd2 b5 8. Nge2
Nd4 9. O-O e6 10. Nd1 Ne7 11. Nc1 b4 12. a3 a5 13. axb4 axb4 14. c3 bxc3 15.
bxc3 Ndc6 16. Bh6 O-O 17. Bxg7 Kxg7 18. Ne3 d5 19. Qc2 d4 20. Nc4 e5 21. Nb3
dxc3 22. Qxc3 Nd4 23. Nxd4 cxd4 24. Qa3 f6 25. Qc5 Rb7 26. f4 exf4 27. Rxf4 Rc7
28. Qb6 g5 29. Rff1 Ng6 30. Ra5 Rcf7 31. Qc5 Be6 32. Nd6 Rd7 33. Ra6 Qe7 34.
Rb1 Ne5 35. Qa3 Rfd8 36. Rbb6 Kg6 37. h3 Kg7 38. Bf1 Rf8 39. Qa1 h6 40. Kg2
Rfd8 41. Nb5 Bf7 42. Rxf6 Qb4 43. Rab6 Nxd3 44. Nd6 Qd2+ 45. Kh1 Rxd6 46. Rbxd6
Rxd6 47. Rxd6 Nf2+ 48. Kg1 Nxe4 49. Qxd4+ Qxd4+ 50. Rxd4 Nxg3 51. Bd3 Nh5 52.
Rd6 Nf4 53. Bf5 Bg6 54. Bc8 Nd3 55. Kg2 Ne5 56. Kf2 h5 57. Ra6 Nd3+ 58. Ke3 Nf4
59. Kd4 Kf7 60. Rb6 Kg7 61. Rb5 Kf6 62. Ra5 Ne2+ 63. Ke3 Nf4 64. Ra6+ Kg7 65.
Ra2 Nd5+ 66. Kd4 Nf4 67. Ra5 Kf6 68. Ke3 Ng2+ 69. Kf3 Nh4+ 70. Kf2 Nf5 71. Ra6+
Kg7 72. Bd7 Nd4 73. h4 gxh4 74. Ke3 Nf5+ 75. Kf4 Nh6 76. Kg5 Nf7+ 77. Kxh4 Ne5
1/2-1/2

[Event "Luzern ol (Men)"]
[Site "Luzern"]
[Date "1982.??.??"]
[Round "3"]
[White "Ljubojevic, Ljubomir"]
[Black "Tringov, Georgi P"]
[Result "1-0"]
[WhiteElo "2581"]
[BlackElo "2461"]
[PlyCount "83"]
[EventDate "1982.10.??"]
[EventType "team"]
[EventCountry "SUI"]

1. e4 c5 2. Nc3 Nc6 3. g3 g6 4. Bg2 Bg7 5. d3 d6 6. Be3 Rb8 7. Qd2 b5 8. Nge2
b4 9. Nd1 Nd4 10. O-O e6 11. Nc1 Ne7 12. c3 bxc3 13. bxc3 Ndc6 14. Bh6 O-O 15.
Bxg7 Kxg7 16. Ne3 Bb7 17. Nb3 a5 18. a4 Ba6 19. Rfb1 Qb6 20. h4 Ne5 21. d4 Nc4
22. Qe1 cxd4 23. cxd4 Nxe3 24. Qxe3 Rfc8 25. Kh2 Nc6 26. Nc5 Qa7 27. Rxb8 Nxb8
28. Nxa6 Nxa6 29. h5 Qe7 30. h6+ Kg8 31. Rc1 Rxc1 32. Qxc1 Qd8 33. Bf1 Nb4 34.
Kg1 f6 35. d5 e5 36. Qc4 Kf7 37. Bh3 Qb8 38. Be6+ Ke7 39. Bg8 f5 40. Bxh7 Kf6
41. exf5 Qh8 42. fxg6 1-0

[Event "ISR-chT"]
[Site "Israel"]
[Date "1996.??.??"]
[Round "5"]
[White "Uritzky, Maxim"]
[Black "Rechlis, Gad"]
[Result "1-0"]
[WhiteElo "2430"]
[BlackElo "2485"]
[PlyCount "109"]
[EventDate "1996.??.??"]
[EventType "team"]
[EventCountry "ISR"]

1. e4 c5 2. Nc3 Nc6 3. g3 g6 4. Bg2 Bg7 5. d3 d6 6. Be3 Nf6 7. h3 O-O 8. Nge2
Nd7 9. g4 Rb8 10. Ng3 b5 11. Qd2 Nd4 12. f4 b4 13. Nd1 a5 14. c3 bxc3 15. bxc3
Nc6 16. O-O a4 17. e5 Qc7 18. Ne4 dxe5 19. f5 c4 20. Bh6 a3 21. Bxg7 Kxg7 22.
fxg6 fxg6 23. dxc4 Na5 24. Ne3 Rb2 25. Qd3 Nf6 26. g5 Nxe4 27. Qxe4 Qc5 28.
Rxf8 Kxf8 29. Rf1+ Kg7 30. Qf3 Bf5 31. Kh1 e6 32. Rd1 Qc7 33. c5 e4 34. Qf1 Nc6
35. Qc4 Bxh3 36. Qxe4 Bxg2+ 37. Nxg2 Nd8 38. Qd4+ e5 39. Qxd8 Qxd8 40. Rxd8
Rxa2 41. Ra8 Ra1+ 42. Kh2 a2 43. c6 Rc1 44. Rxa2 Rxc3 45. Ra7+ Kf8 46. c7 Ke8
47. Ra8+ Kd7 48. c8=Q+ Rxc8 49. Rxc8 Kxc8 50. Kg3 Kd7 51. Kf3 Ke6 52. Ke4 Kf7
53. Ne3 Ke6 54. Ng4 Kd6 55. Nf6 1-0

[Event "BCF-ch 82nd"]
[Site "Swansea"]
[Date "1995.??.??"]
[Round "10"]
[White "Turner, Matthew"]
[Black "Hennigan, Michael"]
[Result "1-0"]
[WhiteElo "2400"]
[BlackElo "2465"]
[PlyCount "129"]
[EventDate "1995.08.??"]
[EventType "swiss"]
[EventRounds "11"]
[EventCountry "ENG"]

1. e4 c5 2. g3 Nc6 3. Bg2 g6 4. Ne2 Bg7 5. O-O Nf6 6. Nbc3 O-O 7. h3 d6 8. d3
Rb8 9. f4 Bd7 10. Be3 b5 11. Qd2 b4 12. Nd1 Ne8 13. f5 Nd4 14. g4 a5 15. Nxd4
cxd4 16. Bh6 Qc7 17. Bxg7 Kxg7 18. a3 Qc5 19. axb4 axb4 20. Qf2 Bb5 21. b3 Nf6
22. g5 Nd7 23. Qh4 Ne5 24. Nf2 Kh8 25. Ng4 Bc6 26. f6 Nxg4 27. hxg4 exf6 28.
gxf6 Rb5 29. Ra6 Bb7 30. Qh6 Rg8 31. Rf3 Qg5 32. Qxg5 Rxg5 33. Rxd6 Bc8 34.
Rxd4 Bxg4 35. Rg3 h5 36. Bf3 Rc8 37. Rc4 Rxc4 38. bxc4 Kg8 39. Bxg4 hxg4 40.
Kf1 Ra5 41. Rxg4 Ra2 42. Rg2 Kf8 43. Re2 Ke8 44. Kf2 g5 45. c5 g4 46. c6 Ra6
47. Kg3 Rxc6 48. e5 Rc3 49. Rd2 Ra3 50. Kxg4 Ra2 51. Rh2 Kd7 52. Kg3 Ke6 53. d4
Ra8 54. Kf4 Kd5 55. Rh7 Ra7 56. Kf5 Kxd4 57. Rxf7 Rxf7 58. e6 Rc7 59. f7 Rxc2
60. e7 b3 61. f8=Q b2 62. Qf6+ Kd3 63. e8=Q b1=Q 64. Qe4+ Kd2 65. Qfd4+ 1-0

[Event "Vienna op"]
[Site "Vienna"]
[Date "1986.??.??"]
[Round "?"]
[White "Wittmann, Walter"]
[Black "Miniboeck, Guenter"]
[Result "1-0"]
[WhiteElo "2410"]
[BlackElo "2250"]
[PlyCount "73"]
[EventDate "1986.01.??"]
[EventType "swiss"]
[EventRounds "9"]
[EventCountry "AUT"]
[WhiteTeamCountry "GER"]
[BlackTeamCountry "GER"]

1. e4 c5 2. Nc3 Nc6 3. g3 g6 4. Bg2 Bg7 5. d3 d6 6. Nge2 e5 7. h4 Nf6 8. Bg5
Be6 9. Nd5 h6 10. Bxf6 Bxf6 11. h5 Bg7 12. hxg6 fxg6 13. Bh3 Bxh3 14. Rxh3 Qd7
15. Rh2 h5 16. Qd2 O-O-O 17. O-O-O Bh6 18. f4 Rdf8 19. Kb1 Ne7 20. Nec3 Rh7 21.
Rf1 Rhf7 22. Nxe7+ Qxe7 23. Rhf2 Kb8 24. Nd5 Qd7 25. Rf3 exf4 26. gxf4 g5 27.
Qh2 h4 28. Rh3 Bg7 29. f5 Be5 30. Qg2 Bg3 31. Qf3 Rg8 32. Qg4 Qe8 33. Rhh1 Qe5
34. Rf3 a6 35. f6 Rh7 36. b3 Qe8 37. Rxg3 1-0

[Event "Bad Ragaz op"]
[Site "Bad Ragaz"]
[Date "1994.??.??"]
[Round "3"]
[White "Haakert, Juergen"]
[Black "Glek, Igor V"]
[Result "0-1"]
[WhiteElo "2335"]
[BlackElo "2590"]
[PlyCount "44"]
[EventDate "1994.04.??"]
[EventType "swiss"]
[EventRounds "9"]
[EventCountry "SUI"]
[WhiteTeamCountry "GER"]
[BlackTeamCountry "GER"]

1. e4 c5 2. Nf3 Nc6 3. g3 g6 4. Bg2 Bg7 5. O-O e5 6. Nc3 Nge7 7. d3 d6 8. Nd2
Rb8 9. a4 a6 10. Nc4 b5 11. Ne3 O-O 12. axb5 axb5 13. Ncd5 f5 14. exf5 gxf5 15.
f4 Be6 16. Ra6 Qd7 17. Bd2 Kh8 18. c3 Nxd5 19. Nxd5 Ne7 20. Nxe7 Qxe7 21. Qf3
Bc8 22. Ra8 e4 0-1

[Event "ISR-ch"]
[Site "Tel Aviv"]
[Date "1994.??.??"]
[Round "11"]
[White "Shachar, Ehud"]
[Black "Gofshtein, Leonid D"]
[Result "0-1"]
[WhiteElo "2335"]
[BlackElo "2495"]
[PlyCount "68"]
[EventDate "1994.10.??"]
[EventType "swiss"]
[EventRounds "11"]
[EventCountry "ISR"]
[WhiteTeamCountry "GER"]
[BlackTeamCountry "GER"]

1. e4 c5 2. Nf3 d6 3. d3 Nc6 4. g3 g6 5. Bg2 Bg7 6. O-O e5 7. Nc3 Nge7 8. Nh4
O-O 9. f4 exf4 10. Bxf4 h6 11. Be3 Ne5 12. h3 b5 13. a3 Bd7 14. Nf3 N7c6 15.
Nd5 Nxf3+ 16. Qxf3 Nd4 17. Qd1 Be6 18. c3 Bxd5 19. exd5 Nf5 20. Bf2 a5 21. g4
Nh4 22. Be4 f5 23. gxf5 gxf5 24. Qh5 Qg5+ 25. Qxg5 hxg5 26. Bxh4 fxe4 27. Bg3
exd3 28. Bxd6 Rxf1+ 29. Rxf1 Bf8 30. Bxf8 Rxf8 31. a4 c4 32. axb5 Rd8 33. Rf5
d2 34. Rf1 Re8 0-1

[Event "Frankfurt"]
[Site "Frankfurt"]
[Date "1988.??.??"]
[Round "7"]
[White "Degenhardt, Horst"]
[Black "Szabo, Laszlo2"]
[Result "1-0"]
[WhiteElo "2270"]
[BlackElo "2250"]
[PlyCount "120"]
[EventDate "1988.??.??"]
[EventType "tourn"]
[EventRounds "13"]
[EventCountry "GER"]
[EventCategory "2"]
[WhiteTeamCountry "GER"]
[BlackTeamCountry "GER"]

1. e4 c5 2. Nf3 g6 3. Nc3 Bg7 4. g3 Nc6 5. Bg2 d6 6. d3 e6 7. O-O Nge7 8. Bg5
h6 9. Be3 Nd4 10. Qd2 Qa5 11. Ne1 Nec6 12. f4 Bd7 13. Qf2 f5 14. Kh1 Ne7 15.
Nf3 Nxf3 16. Bxf3 Bc6 17. d4 cxd4 18. Bxd4 e5 19. fxe5 Bxe5 20. Bxe5 dxe5 21.
Qe3 O-O-O 22. Rae1 fxe4 23. Bxe4 Nf5 24. Qf3 Bxe4 25. Rxe4 h5 26. Rfe1 Rhe8 27.
a3 Rd4 28. Rxd4 Nxd4 29. Qf7 Re6 30. Rf1 Qd8 31. Kg1 Qe8 32. Qxe8+ Rxe8 33. Ne4
Nf5 34. Rf3 Rd8 35. Rc3+ Kb8 36. Rc5 Nd4 37. Ng5 Rc8 38. Rxc8+ Kxc8 39. c3 Nc6
40. Kf2 Kd7 41. Ke3 Ke7 42. Ke4 Kf6 43. Nf3 Ke6 44. a4 a5 45. Nd2 Nd8 46. Nc4
Nf7 47. Nxa5 Nd6+ 48. Kd3 Kd5 49. c4+ Kc5 50. Nb3+ Kb4 51. Nd2 e4+ 52. Kd4 Kxa4
53. c5 e3 54. Kxe3 Nf5+ 55. Kf4 h4 56. g4 Ng7 57. Ke5 Kb5 58. Ne4 Ne8 59. Nd6+
Nxd6 60. cxd6 Kc6 1-0

[Event "Pardubice op"]
[Site "Pardubice"]
[Date "1994.??.??"]
[Round "4"]
[White "Keitlinghaus, Ludger"]
[Black "Mololkin, Victor"]
[Result "1-0"]
[WhiteElo "2500"]
[BlackElo "2415"]
[PlyCount "105"]
[EventDate "1994.07.??"]
[EventType "swiss"]
[EventRounds "9"]
[EventCountry "CZE"]
[WhiteTeamCountry "GER"]
[BlackTeamCountry "GER"]

1. e4 c5 2. Nf3 d6 3. Nc3 Nf6 4. g3 Nc6 5. Bg2 g6 6. O-O Bg7 7. d3 O-O 8. h3
Rb8 9. a4 a6 10. Bg5 b5 11. axb5 axb5 12. Qd2 b4 13. Nd5 e6 14. Nxf6+ Bxf6 15.
Bxf6 Qxf6 16. c3 e5 17. Ne1 Qe7 18. Nc2 bxc3 19. bxc3 Rb2 20. Qc1 Rb3 21. Ne3
Be6 22. f4 f6 23. f5 Bf7 24. h4 Qd8 25. fxg6 hxg6 26. Ng4 Be8 27. Ra2 Nb8 28.
Raf2 Nd7 29. Bh3 Rb7 30. Ne3 Nb6 31. Be6+ Bf7 32. Rxf6 Bxe6 33. Rxf8+ Qxf8 34.
Rxf8+ Kxf8 35. c4 Nd7 36. Nd5 Kf7 37. Qh6 Nf8 38. h5 Bxd5 39. exd5 Re7 40. g4
Kg8 41. Qg5 Rf7 42. Kg2 Kh7 43. Qd8 gxh5 44. gxh5 Nd7 45. Qc7 Kh6 46. Qxd6+
Kxh5 47. Qe6 Rg7+ 48. Kf3 Kg5 49. d6 Rh7 50. Ke4 Rg7 51. Kd5 e4 52. dxe4 Kf4
53. Qf5+ 1-0

[Event "Lugano op"]
[Site "Lugano"]
[Date "1989.??.??"]
[Round "4"]
[White "Sibilio, Mario"]
[Black "Gikas, Basilius"]
[Result "1-0"]
[WhiteElo "2280"]
[BlackElo "2295"]
[PlyCount "59"]
[EventDate "1989.03.??"]
[EventType "swiss"]
[EventRounds "9"]
[EventCountry "SUI"]
[WhiteTeamCountry "GER"]
[BlackTeamCountry "GER"]

1. Nf3 Nf6 2. g3 g6 3. Bg2 Bg7 4. O-O O-O 5. d3 d6 6. e4 c5 7. Nc3 Nc6 8. h3
Rb8 9. a4 a6 10. Be3 b5 11. axb5 axb5 12. e5 Ne8 13. exd6 exd6 14. d4 c4 15. d5
Nb4 16. Nd4 Nc7 17. Qd2 Re8 18. Bg5 f6 19. Bf4 g5 20. Be3 Re5 21. Ncxb5 Ncxd5
22. Nc6 Nxc6 23. Bxd5+ Kh8 24. Bxc6 Bxh3 25. Rfd1 Qc8 26. Qxd6 Bg4 27. Rd4
Rexb5 28. Bxb5 Bf3 29. Qd7 Qf8 30. Bc6 1-0

[Event "Bayamo"]
[Site "Bayamo"]
[Date "1990.??.??"]
[Round "2"]
[White "Martin del Campo, Roberto"]
[Black "Verduga, Denis Homero"]
[Result "1-0"]
[WhiteElo "2465"]
[BlackElo "2405"]
[PlyCount "85"]
[EventDate "1990.04.??"]
[EventType "tourn"]
[EventRounds "13"]
[EventCountry "CUB"]
[EventCategory "8"]
[WhiteTeamCountry "GER"]
[BlackTeamCountry "GER"]

1. e4 c5 2. Nf3 d6 3. g3 Nf6 4. Nc3 g6 5. Bg2 Nc6 6. O-O Bg7 7. d3 Rb8 8. a4 a6
9. h3 O-O 10. Be3 Bd7 11. Qd2 Re8 12. Bh6 Bh8 13. Ng5 b5 14. axb5 axb5 15. f4
c4 16. f5 b4 17. Ne2 b3 18. d4 bxc2 19. Qxc2 Nb4 20. Qc3 Qc8 21. b3 gxf5 22.
bxc4 fxe4 23. Rab1 Nc6 24. Rxb8 Nxb8 25. g4 Be6 26. Qe3 Bg7 27. Nxe6 Qxe6 28.
Qg5 Nh5 29. Qxh5 Bxh6 30. g5 Bg7 31. Bxe4 h6 32. gxh6 Bf6 33. Rf4 Kh8 34. d5
Qe5 35. Qxf7 Qg5+ 36. Kf2 Qg8 37. Rxf6 Nd7 38. Qxg8+ Kxg8 39. Rg6+ Kf7 40. Ng3
Nf6 41. Rg7+ Kf8 42. Bf5 Rb8 43. Be6 1-0

[Event "Prague T10"]
[Site "Prague"]
[Date "1990.??.??"]
[Round "4"]
[White "Borngaesser, Rene"]
[Black "Mozny, Milos"]
[Result "1/2-1/2"]
[WhiteElo "2365"]
[BlackElo "2375"]
[PlyCount "55"]
[EventDate "1990.??.??"]
[EventType "tourn"]
[EventRounds "11"]
[EventCountry "CZE"]
[EventCategory "3"]
[WhiteTeamCountry "GER"]
[BlackTeamCountry "GER"]

1. e4 c5 2. Nc3 e6 3. g3 d5 4. exd5 exd5 5. Bg2 d4 6. Qe2+ Be7 7. Nd5 Nc6 8. d3
Be6 9. Nf4 Bd7 10. g4 Nf6 11. g5 Ng4 12. Nd5 Nge5 13. Bf4 Ng6 14. Bc7 Qc8 15.
h4 Be6 16. Bg3 Bd8 17. h5 Nge7 18. h6 Nxd5 19. hxg7 Rg8 20. Bxd5 Rxg7 21. Nf3
Qd7 22. Bxe6 Qxe6 23. Qxe6+ fxe6 24. Kf1 Kd7 25. Rh6 Be7 26. Re1 Rf8 27. Kg2
Rgf7 28. Ne5+ 1/2-1/2

[Event "AUT-chT"]
[Site "Austria"]
[Date "1995.??.??"]
[Round "?"]
[White "Donev, Ivo Hristov"]
[Black "Felsberger, Alfred"]
[Result "1-0"]
[WhiteElo "2375"]
[BlackElo "2390"]
[PlyCount "105"]
[EventDate "1995.??.??"]
[EventType "team"]
[EventRounds "3"]
[EventCountry "AUT"]
[WhiteTeamCountry "GER"]
[BlackTeamCountry "GER"]

1. e4 c5 2. Nc3 e6 3. g3 d5 4. exd5 exd5 5. Bg2 Nf6 6. d3 d4 7. Ne4 Nxe4 8.
dxe4 Be7 9. Ne2 O-O 10. O-O Nc6 11. Nf4 Re8 12. Nd5 Bd6 13. c4 dxc3 14. bxc3
Rb8 15. Qc2 Be6 16. Rd1 f6 17. Bf4 Bxf4 18. Nxf4 Qe7 19. Nxe6 Qxe6 20. Rd5 Qe7
21. Rad1 Rbd8 22. Qb3 Na5 23. Qb5 b6 24. Rd7 a6 25. Qa4 Rxd7 26. Rxd7 Qe5 27.
Rd5 Qe7 28. f4 Rd8 29. e5 Rxd5 30. Bxd5+ Kf8 31. Qe4 g6 32. g4 fxe5 33. Qxe5
Qxe5 34. fxe5 Ke7 35. Kf2 Kd7 36. Ke3 Nc6 37. Ke4 Ne7 38. Bb7 a5 39. a4 Kc7 40.
Bd5 g5 41. Bc4 Kd7 42. Bf7 Kc7 43. Be8 Kd8 44. Bb5 Kc7 45. h3 h6 46. c4 Kd8 47.
e6 Nc8 48. Ke5 Ke7 49. Bd7 Nd6 50. Kd5 Nb7 51. Kc6 Nd6 52. Kxb6 Nxc4+ 53. Kxc5
1-0

[Event "Cappelle op"]
[Site "Cappelle la Grande"]
[Date "1995.??.??"]
[Round "4"]
[White "Murey, Jacob"]
[Black "Ungure, Liga"]
[Result "1-0"]
[WhiteElo "2495"]
[BlackElo "2130"]
[PlyCount "69"]
[EventDate "1995.03.??"]
[EventType "swiss"]
[EventRounds "9"]
[EventCountry "FRA"]
[WhiteTeamCountry "GER"]
[BlackTeamCountry "GER"]

1. e4 c5 2. Nc3 e6 3. g3 d5 4. exd5 exd5 5. Bg2 Nf6 6. d3 Be7 7. Nge2 d4 8. Ne4
O-O 9. Nxf6+ Bxf6 10. O-O Nc6 11. Nf4 Be5 12. Re1 Bd6 13. Qh5 Ne7 14. Bd2 Rb8
15. a4 a5 16. Re2 Bd7 17. b3 b6 18. Rae1 Bc6 19. Bxc6 Nxc6 20. Nd5 Nb4 21. Bg5
f6 22. Bxf6 gxf6 23. Ne7+ Kh8 24. Ng6+ Kg7 25. Nxf8 Qxf8 26. Qg4+ Kh6 27. Qh3+
Kg6 28. Re4 h5 29. g4 h4 30. Qf3 Qh6 31. Qf5+ Kg7 32. Qd7+ Kg8 33. Qxd6 Rf8 34.
Re8 Nxc2 35. Qd5+ 1-0

[Event "NRW-Liga II 9495"]
[Site "Germany"]
[Date "1995.??.??"]
[Round "?"]
[White "Borngaesser, Rene"]
[Black "Blaskowski, Johannes"]
[Result "1-0"]
[WhiteElo "2375"]
[BlackElo "2300"]
[PlyCount "35"]
[EventDate "1994.??.??"]
[EventType "team"]
[EventCountry "GER"]
[WhiteTeamCountry "GER"]
[BlackTeamCountry "GER"]

1. e4 c5 2. Nc3 e6 3. g3 d5 4. exd5 exd5 5. Bg2 Nf6 6. Nge2 d4 7. Ne4 Nxe4 8.
Bxe4 Nd7 9. O-O Nf6 10. Bg2 Bd6 11. c3 dxc3 12. dxc3 O-O 13. Qc2 Rb8 14. Rd1
Qe7 15. Rxd6 Qxd6 16. Bf4 Qe7 17. Bxb8 Bg4 18. Bxa7 1-0

[Event "Lloyds Bank op"]
[Site "London"]
[Date "1994.??.??"]
[Round "3"]
[White "Flower, David"]
[Black "Aseev, Konstantin N"]
[Result "0-1"]
[WhiteElo "2045"]
[BlackElo "2540"]
[PlyCount "54"]
[EventDate "1994.08.??"]
[EventType "swiss"]
[EventRounds "10"]
[EventCountry "ENG"]
[WhiteTeamCountry "GER"]
[BlackTeamCountry "GER"]

1. e4 c5 2. g3 d5 3. exd5 Qxd5 4. Nf3 Bg4 5. Bg2 Qe6+ 6. Kf1 Nc6 7. h3 Bh5 8.
d3 Qd7 9. Na3 e6 10. Nc4 f6 11. Be3 Rd8 12. g4 Bf7 13. a4 b6 14. Qe2 Nge7 15.
Bf4 Nd5 16. Bg3 Be7 17. h4 O-O 18. h5 h6 19. Nh4 Nd4 20. Qd1 e5 21. g5 fxg5 22.
Nxe5 Qe6 23. Bh3 gxh4 24. Bxe6 Bxe6 25. Kg1 hxg3 26. fxg3 Ne3 27. Qd2 Bg5 0-1

[Event "Ibercaja op"]
[Site "Zaragoza"]
[Date "1994.??.??"]
[Round "4"]
[White "Strikovic, Aleksa"]
[Black "Kurajica, Bojan"]
[Result "1-0"]
[WhiteElo "2495"]
[BlackElo "2565"]
[PlyCount "67"]
[EventDate "1994.04.??"]
[EventType "swiss"]
[EventRounds "9"]
[EventCountry "ESP"]
[WhiteTeamCountry "GER"]
[BlackTeamCountry "GER"]

1. e4 c5 2. d3 g6 3. g3 Bg7 4. Bg2 e6 5. f4 Ne7 6. Nf3 O-O 7. O-O Nbc6 8. c3 b6
9. Na3 Ba6 10. Re1 d5 11. e5 d4 12. c4 Qd7 13. Ng5 Nf5 14. Nc2 Bb7 15. Qe2 Rae8
16. Ne4 f6 17. exf6 Bxf6 18. Nxf6+ Rxf6 19. a3 e5 20. Bd5+ Rfe6 21. b4 b5 22.
bxc5 bxc4 23. Bxc4 Kg7 24. Bxe6 Rxe6 25. Rb1 Ba8 26. Qf2 Qd5 27. Re4 Qxc5 28.
g4 Nd6 29. f5 Nxe4 30. dxe4 Re8 31. Bh6+ Kg8 32. fxg6 Nd8 33. Qf6 Qc7 34. Rf1
1-0

[Event "Gausdal MI 9394"]
[Site "Gausdal"]
[Date "1993.??.??"]
[Round "3"]
[White "King, Daniel J"]
[Black "Ernst, Thomas"]
[Result "1-0"]
[WhiteElo "2455"]
[BlackElo "2480"]
[PlyCount "63"]
[EventDate "1993.12.??"]
[EventType "tourn"]
[EventRounds "9"]
[EventCountry "NOR"]
[EventCategory "9"]
[WhiteTeamCountry "GER"]
[BlackTeamCountry "GER"]

1. g3 c5 2. Bg2 Nc6 3. e4 e5 4. d3 g6 5. f4 Bg7 6. Nf3 d6 7. O-O Nge7 8. c3 O-O
9. Na3 b6 10. f5 gxf5 11. Nh4 fxe4 12. dxe4 Ba6 13. Rf2 Qc7 14. Nc2 Bc4 15. Ne3
Be6 16. Nd5 Qd7 17. Nf6+ Bxf6 18. Rxf6 Kh8 19. Nf5 Ng8 20. Bg5 Rad8 21. Qh5
Nce7 22. Nxe7 Qxe7 23. Raf1 Rde8 24. Bh3 Bxh3 25. Rxf7 Rxf7 26. Rxf7 Qxf7 27.
Qxf7 Re6 28. Kf2 Rg6 29. Bd8 a6 30. Ke3 b5 31. Qf8 Bg4 32. Be7 1-0

[Event "Yerevan ol (Men)"]
[Site "Yerevan"]
[Date "1996.??.??"]
[Round "3"]
[White "Minasian, Ara"]
[Black "Cao Sang"]
[Result "1/2-1/2"]
[WhiteElo "2425"]
[BlackElo "2445"]
[PlyCount "153"]
[EventDate "1996.09.??"]
[EventType "team"]
[EventRounds "14"]
[EventCountry "ARM"]
[WhiteTeamCountry "GER"]
[BlackTeamCountry "GER"]

1. e4 c5 2. g3 Nc6 3. Bg2 g6 4. d3 Bg7 5. f4 e6 6. Nf3 Nge7 7. O-O O-O 8. c3 d6
9. Be3 b6 10. Re1 Bb7 11. d4 Qc7 12. Na3 Rad8 13. Bf2 h6 14. Rb1 e5 15. d5 Nb8
16. c4 Nc8 17. h4 Qe7 18. h5 Nd7 19. Nh4 Qf6 20. hxg6 exf4 21. gxf7+ Rxf7 22.
Nf5 Ne7 23. Bh3 Nxf5 24. exf5 fxg3 25. Bxg3 Ne5 26. Qh5 Qg5 27. Qxg5 hxg5 28.
f6 Rxf6 29. Bxe5 dxe5 30. Re4 Rf4 31. Rbe1 Kf8 32. Nb5 Bf6 33. Nxa7 Ra8 34. Nc6
Rxa2 35. Nxe5 Kg7 36. Rxf4 gxf4 37. Nd3 Ba6 38. Nxf4 Bd4+ 39. Kh1 Bxc4 40. d6
Bb5 41. Ne6+ Kf6 42. Nxd4 cxd4 43. d7 Bxd7 44. Bxd7 Rxb2 45. Re6+ Kg5 46. Rd6
Rb4 47. Kg2 Kf4 48. Kf2 Rb2+ 49. Ke1 Ke5 50. Rh6 d3 51. Rh4 Re2+ 52. Kd1 Re4
53. Rh6 Kd4 54. Rd6+ Kc5 55. Rc6+ Kd4 56. Rxb6 Ke3 57. Bf5 Rf4 58. Re6+ Kd4 59.
Bg6 Rf1+ 60. Kd2 Rf2+ 61. Kc1 Rf1+ 62. Kb2 Rg1 63. Bh5 Rg2+ 64. Kb3 Rg5 65. Bd1
Rb5+ 66. Ka2 Re5 67. Rd6+ Kc3 68. Rc6+ Kd2 69. Bg4 Rg5 70. Rc4 Ra5+ 71. Kb3
Rb5+ 72. Ka3 Ke3 73. Ka2 Kd2 74. Rc7 Ke1 75. Re7+ Kf2 76. Ka3 Rg5 77. Be6
1/2-1/2

[Event "BCF-ch 82nd"]
[Site "Swansea"]
[Date "1995.??.??"]
[Round "6"]
[White "Parker, Jonathan"]
[Black "Hennigan, Michael"]
[Result "1-0"]
[WhiteElo "2415"]
[BlackElo "2465"]
[PlyCount "129"]
[EventDate "1995.08.??"]
[EventType "swiss"]
[EventRounds "11"]
[EventCountry "ENG"]
[WhiteTeamCountry "GER"]
[BlackTeamCountry "GER"]

1. f4 g6 2. Nf3 Bg7 3. g3 c5 4. Bg2 Nc6 5. e4 e6 6. O-O Nge7 7. d3 O-O 8. c3 d6
9. Be3 f5 10. Nbd2 Rb8 11. a4 b6 12. d4 fxe4 13. Nxe4 Nf5 14. Bf2 d5 15. Neg5
h6 16. Nh3 cxd4 17. cxd4 Bd7 18. Re1 Rc8 19. Rc1 Nb4 20. Rxc8 Qxc8 21. g4 Ne7
22. Ne5 Bxe5 23. fxe5 Nc2 24. Rf1 Bxa4 25. Qd2 Kg7 26. Bh4 Ng8 27. Nf4 g5 28.
Nh5+ Kh8 29. Bf2 Qc4 30. Rc1 a5 31. Bf1 Qb4 32. Rxc2 Bxc2 33. Qxc2 Qe7 34. Be3
Qh7 35. Bd3 Qf7 36. Be2 Qh7 37. Qxh7+ Kxh7 38. Bd3+ Kh8 39. Bd2 Ne7 40. Bc3 Nc6
41. Nf6 Rf7 42. Bb5 Rc7 43. Kf2 Nb4 44. Ke3 Na2 45. Kd3 Nxc3 46. bxc3 Ra7 47.
c4 dxc4+ 48. Bxc4 Re7 49. Bb5 Kg7 50. Bd7 b5 51. Bxb5 Rb7 52. Ne8+ Kf8 53. Nd6
Rb8 54. Kc4 Ke7 55. d5 Rf8 56. Ne4 exd5+ 57. Kxd5 Rb8 58. Nd6 Kf8 59. Kc6 Ke7
60. Kd5 Kf8 61. Ke6 Ra8 62. Kf6 Rd8 63. Nf5 Rb8 64. e6 Rb6 65. Bd7 1-0